000 00485nam a2200205Ia 4500
003 OSt
005 20251205101631.0
008 250729s2006 xx 000 0 und d
020 _a978-8171418732
040 _cAL
041 _aeng
082 _a371.9 RAOE
100 _aRao B Digumarti
_9225722
245 _aEducation for women
260 _aNew Delhi
_c2006
300 _a323p
650 _aWomen Education
_9225723
700 _aLatha Pushpa D
_9225724
942 _2ddc
_cBED
999 _c237049
_d237049